000 00203nam a2200085Ia 4500
008 230915s9999 xx 000 0 und d
050 _aQA 276.12 .J64 2007
245 0 _aELEMENTARY STATISTICS
942 _cBK
999 _c186902
_d186902